[Event "Deutsche Ländermeisterschaft 2021"]
[Site "Neumünster GER"]
[Date "2021.10.04"]
[Round "5"]
[White "Nguyen, Alex Dac-Vuong"]
[Black "Costa, Leonardo"]
[Result "0-1"]
[Termination "normal"]
[Board "1.1"]
[WhiteTitle "FM"]
[BlackTitle "FM"]
[WhiteElo "2286"]
[BlackElo "2336"]
[WhiteClock "00:19:54"]
[BlackClock "00:13:50"]
[WhiteTeam "Sachsen"]
[BlackTeam "Bayern"]
[PlyCount "98"]
[WhiteFideId "12984388"]
[BlackFideId "16213955"]
[EventCountry "GER"]
[EventRounds "7"]
[EventType "team-swiss"]
[EventDate "2021.10.01"]

1. e4 {[%clk 1:30:57]} e5 {[%clk 1:30:55]} 2. Nf3 {[%clk 1:31:22]} Nc6 {[%clk
1:31:17]} 3. Bb5 {[%clk 1:31:47]} a6 {[%clk 1:31:39]} 4. Ba4 {[%clk 1:32:13]}
Nf6 {[%clk 1:32:02]} 5. O-O {[%clk 1:32:38]} b5 {[%clk 1:32:27]} 6. Bb3 {[%clk
1:33:04]} Bc5 {[%clk 1:32:43]} 7. c3 {[%clk 1:33:29]} d6 {[%clk 1:33:08]} 8. a4
{[%clk 1:33:54]} Rb8 {[%clk 1:33:34]} 9. d4 {[%clk 1:34:07]} Bb6 {[%clk
1:33:59]} 10. a5 {[%clk 1:34:31]} Ba7 {[%clk 1:34:25]} 11. h3 {[%clk 1:34:52]}
O-O {[%clk 1:34:50]} 12. Be3 {[%clk 1:34:59]} exd4 {[%clk 1:35:05]} 13. cxd4
{[%clk 1:35:23]} Nb4 {[%clk 1:35:31]} 14. Nc3 {[%clk 1:34:57]} Bb7 {[%clk
1:35:56]} 15. Ng5 {[%clk 1:30:56]} Qe8 {[%clk 1:36:20]} 16. e5 {[%clk 1:31:00]}
dxe5 {[%clk 1:36:46]} 17. dxe5 {[%clk 1:31:23]} Bxe3 {[%clk 1:37:12]} 18. Nxf7
{[%clk 1:31:44]} Rxf7 {[%clk 1:37:29]} 19. exf6 {[%clk 1:32:06]} Bc5 {[%clk
1:37:46]} 20. Qh5 {[%clk 1:31:14]} Bd6 {[%clk 1:24:38]} 21. Rfe1 {[%clk
1:31:34]} Qf8 {[%clk 1:24:00]} 22. Re4 {[%clk 0:36:20]} g6 {[%clk 0:56:15]} 23.
Qh4 {[%clk 0:36:30]} c5 {[%clk 0:47:38]} 24. Be6 {[%clk 0:26:44]} Nc2 {[%clk
0:31:07]} 25. Rd1 {[%clk 0:25:16]} Nd4 {[%clk 0:31:27]} 26. Rexd4 {[%clk
0:25:05]} cxd4 {[%clk 0:31:52]} 27. Qxd4 {[%clk 0:24:59]} Rd8 {[%clk 0:25:05]}
28. Qb6 {[%clk 0:21:01]} Ba8 {[%clk 0:24:42]} 29. b4 {[%clk 0:16:32]} Rdd7
{[%clk 0:22:29]} 30. Kf1 {[%clk 0:13:19]} Bb7 {[%clk 0:16:13]} 31. Nd5 {[%clk
0:11:38]} Kh8 {[%clk 0:11:17]} 32. Ne7 {[%clk 0:09:38]} Bc7 {[%clk 0:09:08]}
33. Rxd7 {[%clk 0:09:34]} Bxb6 {[%clk 0:09:35]} 34. Bxf7 {[%clk 0:08:56]} Bd8
{[%clk 0:05:34]} 35. Bxg6 {[%clk 0:04:07]} Bc8 {[%clk 0:02:36]} 36. Nxc8 {[%clk
0:02:22]} hxg6 {[%clk 0:01:40]} 37. Ne7 {[%clk 0:02:41]} Qxf6 {[%clk 0:01:33]}
38. Rxd8+ {[%clk 0:03:01]} Kh7 {[%clk 0:01:26]} 39. Rd7 {[%clk 0:03:19]} Qa1+
{[%clk 0:01:03]} 40. Ke2 {[%clk 0:03:44]} Qa2+ {[%clk 0:00:39]} 41. Kf1 {[%clk
0:03:31]} Qc4+ {[%clk 0:25:39]} 42. Kg1 {[%clk 0:33:45]} Qe6 {[%clk 0:25:35]}
43. Rb7 {[%clk 0:22:10]} Kh6 {[%clk 0:19:23]} 44. Kh2 {[%clk 0:21:05]} Kg5
{[%clk 0:13:59]} 45. g3 {[%clk 0:20:50]} Qe2 {[%clk 0:13:58]} 46. Rd7 {[%clk
0:18:32]} Qxf2+ {[%clk 0:14:17]} 47. Kh1 {[%clk 0:18:59]} Qf1+ {[%clk 0:13:13]}
48. Kh2 {[%clk 0:19:25]} Qf2+ {[%clk 0:13:30]} 49. Kh1 {[%clk 0:19:54]} Qxg3
{[%clk 0:13:50]} 0-1

[Event "Deutsche Ländermeisterschaft 2021"]
[Site "Neumünster GER"]
[Date "2021.10.04"]
[Round "5"]
[White "Vuckovic, Zarko"]
[Black "Richter, Philipp"]
[Result "1/2-1/2"]
[Termination "normal"]
[Board "1.2"]
[WhiteElo "2272"]
[BlackElo "2227"]
[WhiteClock "00:40:43"]
[BlackClock "00:12:15"]
[WhiteTeam "Bayern"]
[BlackTeam "Sachsen"]
[PlyCount "94"]
[WhiteFideId "12952087"]
[BlackFideId "16219929"]
[EventCountry "GER"]
[EventRounds "7"]
[EventType "team-swiss"]
[EventDate "2021.10.01"]

1. e4 {[%clk 1:30:57]} e6 {[%clk 1:30:57]} 2. d4 {[%clk 1:31:24]} d5 {[%clk
1:31:23]} 3. Nc3 {[%clk 1:31:50]} Bb4 {[%clk 1:31:49]} 4. Nge2 {[%clk 1:30:04]}
dxe4 {[%clk 1:32:08]} 5. a3 {[%clk 1:31:02]} Be7 {[%clk 1:32:36]} 6. Nxe4
{[%clk 1:31:31]} Nf6 {[%clk 1:32:49]} 7. Nxf6+ {[%clk 1:31:59]} Bxf6 {[%clk
1:33:05]} 8. Be3 {[%clk 1:32:28]} O-O {[%clk 1:27:07]} 9. Qd2 {[%clk 1:32:30]}
c5 {[%clk 1:25:45]} 10. O-O-O {[%clk 1:31:37]} cxd4 {[%clk 1:19:00]} 11. Nxd4
{[%clk 1:31:47]} Qd5 {[%clk 1:18:46]} 12. Nb3 {[%clk 1:27:51]} Qxd2+ {[%clk
1:14:13]} 13. Nxd2 {[%clk 1:28:07]} b6 {[%clk 1:12:29]} 14. Ne4 {[%clk
1:27:10]} Be7 {[%clk 1:11:45]} 15. Be2 {[%clk 1:25:58]} Bb7 {[%clk 1:11:06]}
16. f3 {[%clk 1:19:10]} Bc6 {[%clk 1:04:57]} 17. Rd2 {[%clk 1:11:14]} Nd7
{[%clk 0:59:44]} 18. Rhd1 {[%clk 1:07:24]} Rfd8 {[%clk 0:53:48]} 19. Nc3 {[%clk
0:59:38]} Nf6 {[%clk 0:50:45]} 20. Rxd8+ {[%clk 0:58:36]} Rxd8 {[%clk 0:51:04]}
21. Rxd8+ {[%clk 0:57:10]} Bxd8 {[%clk 0:50:54]} 22. Nb5 {[%clk 0:57:31]} a6
{[%clk 0:48:55]} 23. Nd4 {[%clk 0:57:28]} Bb7 {[%clk 0:49:07]} 24. c4 {[%clk
0:57:31]} Bc7 {[%clk 0:48:37]} 25. g3 {[%clk 0:55:03]} Kf8 {[%clk 0:46:04]} 26.
Kd2 {[%clk 0:52:00]} Ke7 {[%clk 0:44:05]} 27. b4 {[%clk 0:52:11]} Nd7 {[%clk
0:42:54]} 28. Kc3 {[%clk 0:48:54]} e5 {[%clk 0:39:54]} 29. Nf5+ {[%clk
0:45:20]} Kf6 {[%clk 0:39:55]} 30. g4 {[%clk 0:45:47]} g6 {[%clk 0:38:56]} 31.
Ng3 {[%clk 0:46:11]} Ke6 {[%clk 0:38:21]} 32. g5 {[%clk 0:45:38]} f5 {[%clk
0:37:30]} 33. gxf6 {[%clk 0:45:05]} Nxf6 {[%clk 0:37:34]} 34. Kd3 {[%clk
0:45:19]} Bc6 {[%clk 0:31:09]} 35. Ne4 {[%clk 0:43:29]} Nxe4 {[%clk 0:29:49]}
36. fxe4 {[%clk 0:43:55]} Bd8 {[%clk 0:23:55]} 37. Bg4+ {[%clk 0:44:14]} Kd6
{[%clk 0:22:28]} 38. Bh6 {[%clk 0:35:16]} Bd7 {[%clk 0:14:08]} 39. Bxd7 {[%clk
0:30:16]} Kxd7 {[%clk 0:14:30]} 40. b5 {[%clk 0:30:32]} axb5 {[%clk 0:13:24]}
41. cxb5 {[%clk 0:30:57]} g5 {[%clk 0:06:39]} 42. a4 {[%clk 0:22:55]} Ke6
{[%clk 0:04:07]} 43. h4 {[%clk 0:13:19]} gxh4 {[%clk 0:03:43]} 44. Ke2 {[%clk
0:13:47]} Kf6 {[%clk 0:18:20]} 45. Kf3 {[%clk 0:42:25]} Kg6 {[%clk 0:18:05]}
46. Be3 {[%clk 0:42:24]} Kh5 {[%clk 0:12:25]} 47. Bg1 {[%clk 0:40:43]} Bc7
{[%clk 0:12:15]} 1/2-1/2

[Event "Deutsche Ländermeisterschaft 2021"]
[Site "Neumünster GER"]
[Date "2021.10.04"]
[Round "5"]
[White "Lutz, Ruben"]
[Black "Kolb, Tobias"]
[Result "1/2-1/2"]
[Termination "normal"]
[Board "1.3"]
[BlackTitle "FM"]
[WhiteElo "2114"]
[BlackElo "2311"]
[WhiteClock "00:12:34"]
[BlackClock "00:10:26"]
[WhiteTeam "Sachsen"]
[BlackTeam "Bayern"]
[PlyCount "65"]
[WhiteFideId "12975974"]
[BlackFideId "12992321"]
[EventCountry "GER"]
[EventRounds "7"]
[EventType "team-swiss"]
[EventDate "2021.10.01"]

1. d4 {[%clk 1:30:57]} d5 {[%clk 1:30:56]} 2. c4 {[%clk 1:31:20]} e6 {[%clk
1:31:24]} 3. Nf3 {[%clk 1:31:43]} Nf6 {[%clk 1:31:51]} 4. Nc3 {[%clk 1:31:56]}
Be7 {[%clk 1:31:28]} 5. Bf4 {[%clk 1:32:09]} O-O {[%clk 1:30:50]} 6. e3 {[%clk
1:32:30]} c6 {[%clk 1:22:18]} 7. a3 {[%clk 1:27:23]} Nbd7 {[%clk 1:20:08]} 8.
c5 {[%clk 1:26:38]} Nh5 {[%clk 1:09:55]} 9. Bd3 {[%clk 1:22:17]} Nxf4 {[%clk
1:03:23]} 10. exf4 {[%clk 1:22:39]} b6 {[%clk 1:01:38]} 11. b4 {[%clk 1:22:15]}
Qc7 {[%clk 1:01:10]} 12. Qd2 {[%clk 1:12:07]} a5 {[%clk 1:00:24]} 13. O-O
{[%clk 1:11:46]} Ba6 {[%clk 0:59:11]} 14. Ne5 {[%clk 1:06:25]} Bxd3 {[%clk
0:52:35]} 15. Qxd3 {[%clk 1:04:22]} Rfb8 {[%clk 0:43:05]} 16. Na4 {[%clk
0:53:51]} Bd8 {[%clk 0:37:48]} 17. Nxb6 {[%clk 0:41:35]} Nxb6 {[%clk 0:38:09]}
18. cxb6 {[%clk 0:42:01]} Rxb6 {[%clk 0:38:23]} 19. Qc3 {[%clk 0:41:59]} Qb7
{[%clk 0:18:52]} 20. bxa5 {[%clk 0:36:30]} Rb3 {[%clk 0:18:30]} 21. Qxc6 {[%clk
0:36:35]} Qxc6 {[%clk 0:18:57]} 22. Nxc6 {[%clk 0:37:00]} Bxa5 {[%clk 0:19:25]}
23. Rfb1 {[%clk 0:32:42]} Rxb1+ {[%clk 0:19:42]} 24. Rxb1 {[%clk 0:33:08]} Bc7
{[%clk 0:20:08]} 25. g3 {[%clk 0:30:25]} Bd6 {[%clk 0:13:46]} 26. Rb7 {[%clk
0:26:32]} Bxa3 {[%clk 0:13:47]} 27. Kg2 {[%clk 0:24:26]} g6 {[%clk 0:12:30]}
28. Ne5 {[%clk 0:21:06]} Rf8 {[%clk 0:12:56]} 29. Kf3 {[%clk 0:20:19]} Bd6
{[%clk 0:12:41]} 30. h4 {[%clk 0:17:05]} Rb8 {[%clk 0:10:14]} 31. Rd7 {[%clk
0:13:37]} Rb3+ {[%clk 0:10:02]} 32. Ke2 {[%clk 0:12:32]} Bxe5 {[%clk 0:10:26]}
33. fxe5 {[%clk 0:12:34]} 1/2-1/2

[Event "Deutsche Ländermeisterschaft 2021"]
[Site "Neumünster GER"]
[Date "2021.10.04"]
[Round "5"]
[White "Schneider, Jana"]
[Black "Ehrig, Leon Chris"]
[Result "1/2-1/2"]
[Termination "normal"]
[Board "1.4"]
[WhiteTitle "FM"]
[WhiteElo "2283"]
[BlackElo "1796"]
[WhiteClock "00:04:57"]
[BlackClock "00:12:12"]
[WhiteTeam "Bayern"]
[BlackTeam "Sachsen"]
[PlyCount "54"]
[WhiteFideId "12924997"]
[BlackFideId "16244796"]
[EventCountry "GER"]
[EventRounds "7"]
[EventType "team-swiss"]
[EventDate "2021.10.01"]

1. e4 {[%clk 1:30:56]} c5 {[%clk 1:30:49]} 2. Nf3 {[%clk 1:31:18]} e6 {[%clk
1:31:16]} 3. d4 {[%clk 1:31:40]} cxd4 {[%clk 1:31:42]} 4. Nxd4 {[%clk 1:32:04]}
Nf6 {[%clk 1:32:09]} 5. Nc3 {[%clk 1:32:25]} Nc6 {[%clk 1:32:34]} 6. Ndb5
{[%clk 1:32:47]} Bc5 {[%clk 1:32:11]} 7. Bf4 {[%clk 1:28:54]} O-O {[%clk
1:31:01]} 8. Bc7 {[%clk 1:29:05]} Qe7 {[%clk 1:30:17]} 9. Bd6 {[%clk 1:28:36]}
Bxd6 {[%clk 1:30:39]} 10. Qxd6 {[%clk 1:28:29]} Qd8 {[%clk 1:30:51]} 11. Nc7
{[%clk 1:23:54]} Ne8 {[%clk 1:29:53]} 12. Nxe8 {[%clk 1:24:00]} Rxe8 {[%clk
1:22:55]} 13. Nb5 {[%clk 1:15:07]} Rb8 {[%clk 1:19:50]} 14. Be2 {[%clk
1:00:27]} Rf8 {[%clk 1:16:51]} 15. O-O {[%clk 0:58:03]} Qb6 {[%clk 1:13:57]}
16. Rfd1 {[%clk 0:51:10]} e5 {[%clk 1:08:10]} 17. a4 {[%clk 0:49:34]} a6 {[%clk
1:01:10]} 18. a5 {[%clk 0:49:24]} Qd8 {[%clk 1:00:39]} 19. Na7 {[%clk 0:48:01]}
Qg5 {[%clk 0:52:46]} 20. Ra3 {[%clk 0:39:01]} Qg6 {[%clk 0:49:53]} 21. Qc5
{[%clk 0:24:03]} Nd4 {[%clk 0:48:47]} 22. Qxe5 {[%clk 0:14:06]} Nxe2+ {[%clk
0:48:40]} 23. Kf1 {[%clk 0:14:34]} d6 {[%clk 0:29:45]} 24. Rxd6 {[%clk
0:13:59]} Be6 {[%clk 0:28:45]} 25. Kxe2 {[%clk 0:09:24]} Rfe8 {[%clk 0:23:12]}
26. Qd4 {[%clk 0:07:50]} Qg4+ {[%clk 0:13:25]} 27. Kf1 {[%clk 0:04:57]} Qf4
{[%clk 0:12:12]} 1/2-1/2

[Event "Deutsche Ländermeisterschaft 2021"]
[Site "Neumünster GER"]
[Date "2021.10.04"]
[Round "5"]
[White "Peglau, Dora"]
[Black "Butenandt, Svenja"]
[Result "1/2-1/2"]
[Termination "normal"]
[Board "1.5"]
[WhiteElo "1880"]
[BlackElo "2009"]
[WhiteClock "00:49:59"]
[BlackClock "00:49:57"]
[WhiteTeam "Sachsen"]
[BlackTeam "Bayern"]
[PlyCount "43"]
[WhiteFideId "16220005"]
[BlackFideId "12993859"]
[EventCountry "GER"]
[EventRounds "7"]
[EventType "team-swiss"]
[EventDate "2021.10.01"]

1. d4 {[%clk 1:30:56]} Nf6 {[%clk 1:30:56]} 2. c4 {[%clk 1:31:08]} e6 {[%clk
1:31:21]} 3. Nf3 {[%clk 1:31:19]} d5 {[%clk 1:31:39]} 4. cxd5 {[%clk 1:31:36]}
exd5 {[%clk 1:32:02]} 5. Bg5 {[%clk 1:31:53]} c6 {[%clk 1:31:58]} 6. e3 {[%clk
1:32:16]} Be7 {[%clk 1:32:18]} 7. Nc3 {[%clk 1:32:24]} Nbd7 {[%clk 1:32:22]} 8.
Bd3 {[%clk 1:32:21]} Nh5 {[%clk 1:31:18]} 9. Bxe7 {[%clk 1:32:02]} Qxe7 {[%clk
1:31:45]} 10. O-O {[%clk 1:31:15]} O-O {[%clk 1:31:15]} 11. Rb1 {[%clk
1:30:24]} g6 {[%clk 1:30:09]} 12. Na4 {[%clk 1:27:11]} Ng7 {[%clk 1:27:50]} 13.
b4 {[%clk 1:27:25]} a6 {[%clk 1:20:24]} 14. Nc5 {[%clk 1:26:10]} Nf6 {[%clk
1:16:46]} 15. Qc2 {[%clk 1:24:12]} Bf5 {[%clk 1:14:38]} 16. Bxf5 {[%clk
1:10:27]} Nxf5 {[%clk 1:14:56]} 17. a4 {[%clk 1:09:18]} Nd6 {[%clk 1:13:14]}
18. Rfc1 {[%clk 1:08:02]} Nc4 {[%clk 1:10:51]} 19. Rb3 {[%clk 1:00:48]} Ne8
{[%clk 1:02:30]} 20. Nd2 {[%clk 0:57:20]} Ned6 {[%clk 1:01:18]} 21. a5 {[%clk
0:49:59]} Rae8 {[%clk 0:49:57]} 22. Nxc4 1/2-1/2

[Event "Deutsche Ländermeisterschaft 2021"]
[Site "Neumünster GER"]
[Date "2021.10.04"]
[Round "5"]
[White "Albert, Markus"]
[Black "Peglau, Charis"]
[Result "1-0"]
[Termination "normal"]
[Board "1.6"]
[WhiteElo "1938"]
[BlackElo "1820"]
[WhiteClock "00:08:07"]
[BlackClock "00:10:43"]
[WhiteTeam "Bayern"]
[BlackTeam "Sachsen"]
[PlyCount "63"]
[WhiteFideId "16292626"]
[BlackFideId "16219996"]
[EventCountry "GER"]
[EventRounds "7"]
[EventType "team-swiss"]
[EventDate "2021.10.01"]

1. Nc3 {[%clk 1:30:52]} d5 {[%clk 1:30:54]} 2. e4 {[%clk 1:31:00]} c6 {[%clk
1:30:24]} 3. Qf3 {[%clk 1:24:08]} d4 {[%clk 1:27:50]} 4. Bc4 {[%clk 1:24:03]}
e6 {[%clk 1:23:03]} 5. Nce2 {[%clk 1:24:13]} Nf6 {[%clk 1:21:40]} 6. d3 {[%clk
1:16:53]} Be7 {[%clk 1:08:02]} 7. Qg3 {[%clk 1:12:22]} a5 {[%clk 0:59:14]} 8.
a4 {[%clk 0:59:05]} Rg8 {[%clk 0:51:55]} 9. Nf3 {[%clk 0:50:50]} c5 {[%clk
0:49:05]} 10. h4 {[%clk 0:44:07]} Nc6 {[%clk 0:47:41]} 11. Bg5 {[%clk 0:34:10]}
Qb6 {[%clk 0:44:17]} 12. Bb5 {[%clk 0:20:30]} Bd7 {[%clk 0:43:25]} 13. Nd2
{[%clk 0:19:54]} Nb4 {[%clk 0:40:31]} 14. Nc4 {[%clk 0:18:43]} Qd8 {[%clk
0:40:14]} 15. Kd2 {[%clk 0:15:22]} Bxb5 {[%clk 0:38:21]} 16. axb5 {[%clk
0:15:40]} Kf8 {[%clk 0:38:14]} 17. Qf3 {[%clk 0:13:09]} Qe8 {[%clk 0:33:03]}
18. Bxf6 {[%clk 0:10:59]} Bxf6 {[%clk 0:30:59]} 19. e5 {[%clk 0:11:05]} Bd8
{[%clk 0:29:01]} 20. Qxb7 {[%clk 0:10:50]} Rb8 {[%clk 0:28:13]} 21. Qe4 {[%clk
0:10:34]} g6 {[%clk 0:26:14]} 22. h5 {[%clk 0:09:53]} h6 {[%clk 0:21:49]} 23.
b6 {[%clk 0:08:28]} Bxb6 {[%clk 0:19:05]} 24. hxg6 {[%clk 0:08:42]} Rxg6 {[%clk
0:19:19]} 25. Nf4 {[%clk 0:08:55]} Rg8 {[%clk 0:18:42]} 26. Rxh6 {[%clk
0:09:14]} Qc6 {[%clk 0:15:40]} 27. Qh7 {[%clk 0:07:25]} Nd5 {[%clk 0:11:58]}
28. Nd6 {[%clk 0:06:53]} Rg7 {[%clk 0:10:38]} 29. Nxe6+ {[%clk 0:06:46]} fxe6
{[%clk 0:10:59]} 30. Qh8+ {[%clk 0:07:12]} Rg8 {[%clk 0:11:08]} 31. Rf6+ {[%clk
0:07:41]} Nxf6 {[%clk 0:10:43]} 32. Qxf6# {[%clk 0:08:07]} 1-0

[Event "Deutsche Ländermeisterschaft 2021"]
[Site "Neumünster GER"]
[Date "2021.10.04"]
[Round "5"]
[White "Herrmann, Arthur"]
[Black "Huber, Benedikt"]
[Result "1-0"]
[Termination "normal"]
[Board "1.7"]
[WhiteElo "1385"]
[BlackElo "1722"]
[WhiteClock "00:41:08"]
[BlackClock "00:24:18"]
[WhiteTeam "Sachsen"]
[BlackTeam "Bayern"]
[PlyCount "55"]
[WhiteFideId "16287150"]
[BlackFideId "16281225"]
[EventCountry "GER"]
[EventRounds "7"]
[EventType "team-swiss"]
[EventDate "2021.10.01"]

1. e4 {[%clk 1:30:57]} e6 {[%clk 1:30:56]} 2. d4 {[%clk 1:31:23]} d5 {[%clk
1:31:21]} 3. Nc3 {[%clk 1:31:49]} Nf6 {[%clk 1:31:47]} 4. e5 {[%clk 1:32:12]}
Nfd7 {[%clk 1:32:14]} 5. Nce2 {[%clk 1:32:33]} c5 {[%clk 1:32:16]} 6. c3 {[%clk
1:32:56]} Nc6 {[%clk 1:32:36]} 7. f4 {[%clk 1:33:08]} Be7 {[%clk 1:32:49]} 8.
Nf3 {[%clk 1:32:47]} O-O {[%clk 1:33:13]} 9. a3 {[%clk 1:31:40]} a5 {[%clk
1:33:37]} 10. a4 {[%clk 1:27:38]} cxd4 {[%clk 1:29:42]} 11. Nexd4 {[%clk
1:27:15]} Nxd4 {[%clk 1:17:58]} 12. Nxd4 {[%clk 1:26:43]} Qb6 {[%clk 1:13:35]}
13. Bd3 {[%clk 1:21:07]} Nc5 {[%clk 1:06:36]} 14. Bc2 {[%clk 1:19:08]} Bd7
{[%clk 1:03:10]} 15. O-O {[%clk 1:15:36]} Bc6 {[%clk 1:00:05]} 16. Kh1 {[%clk
1:07:13]} f6 {[%clk 0:51:38]} 17. b4 {[%clk 0:56:58]} axb4 {[%clk 0:42:57]} 18.
cxb4 {[%clk 0:57:12]} Qxb4 {[%clk 0:40:08]} 19. Ba3 {[%clk 0:56:01]} Qa5 {[%clk
0:36:45]} 20. Bxc5 {[%clk 0:54:57]} Bxc5 {[%clk 0:36:11]} 21. Nxe6 {[%clk
0:54:09]} Rf7 {[%clk 0:35:23]} 22. Qh5 {[%clk 0:51:21]} h6 {[%clk 0:27:23]} 23.
Bh7+ {[%clk 0:45:07]} Kxh7 {[%clk 0:26:37]} 24. Qxf7 {[%clk 0:45:16]} Rg8
{[%clk 0:25:10]} 25. exf6 {[%clk 0:43:50]} d4 {[%clk 0:24:13]} 26. Ng5+ {[%clk
0:41:19]} Kh8 {[%clk 0:24:01]} 27. Qg6 {[%clk 0:41:08]} hxg5 {[%clk 0:24:18]}
28. Qh5# 1-0

[Event "Deutsche Ländermeisterschaft 2021"]
[Site "Neumünster GER"]
[Date "2021.10.04"]
[Round "5"]
[White "Krastev, Alexander"]
[Black "Färber, David"]
[Result "1/2-1/2"]
[Termination "normal"]
[Board "2.1"]
[WhiteTitle "FM"]
[WhiteElo "2393"]
[BlackElo "2318"]
[WhiteClock "00:05:19"]
[BlackClock "00:01:43"]
[WhiteTeam "Nordrhein-Westfalen"]
[BlackTeam "Baden"]
[PlyCount "68"]
[WhiteFideId "12989983"]
[BlackFideId "12971294"]
[EventCountry "GER"]
[EventRounds "7"]
[EventType "team-swiss"]
[EventDate "2021.10.01"]

1. e4 {[%clk 1:30:57]} c5 {[%clk 1:30:53]} 2. Nf3 {[%clk 1:31:20]} d6 {[%clk
1:31:17]} 3. d4 {[%clk 1:28:28]} cxd4 {[%clk 1:31:32]} 4. Qxd4 {[%clk 1:28:52]}
Nc6 {[%clk 1:31:49]} 5. Qe3 {[%clk 1:29:00]} g6 {[%clk 1:32:03]} 6. Be2 {[%clk
1:29:18]} Bg7 {[%clk 1:32:10]} 7. O-O {[%clk 1:29:41]} Nf6 {[%clk 1:32:33]} 8.
h3 {[%clk 1:30:06]} O-O {[%clk 1:32:40]} 9. c4 {[%clk 1:30:22]} Qb6 {[%clk
1:30:07]} 10. Qxb6 {[%clk 1:21:38]} axb6 {[%clk 1:30:29]} 11. Nc3 {[%clk
1:22:05]} Be6 {[%clk 1:22:59]} 12. Be3 {[%clk 1:19:32]} Nd7 {[%clk 1:21:50]}
13. Rfc1 {[%clk 1:19:23]} Nc5 {[%clk 1:12:32]} 14. Nd2 {[%clk 0:47:17]} Nb4
{[%clk 1:04:05]} 15. Bxc5 {[%clk 0:46:11]} bxc5 {[%clk 1:04:11]} 16. a3 {[%clk
0:46:37]} Nc6 {[%clk 0:50:53]} 17. Rab1 {[%clk 0:46:55]} Nd4 {[%clk 0:46:59]}
18. Bd3 {[%clk 0:47:12]} Bh6 {[%clk 0:42:56]} 19. Rd1 {[%clk 0:47:09]} Bxh3
{[%clk 0:39:46]} 20. Nd5 {[%clk 0:40:44]} Rae8 {[%clk 0:36:28]} 21. b4 {[%clk
0:32:35]} cxb4 {[%clk 0:33:36]} 22. gxh3 {[%clk 0:23:22]} Bxd2 {[%clk 0:32:01]}
23. Kg2 {[%clk 0:20:39]} Bg5 {[%clk 0:27:31]} 24. Rxb4 {[%clk 0:18:07]} Rb8
{[%clk 0:24:08]} 25. f4 {[%clk 0:10:29]} Bh4 {[%clk 0:21:33]} 26. Rdb1 {[%clk
0:10:48]} Ne6 {[%clk 0:18:39]} 27. Kf3 {[%clk 0:11:14]} Nc5 {[%clk 0:18:42]}
28. Bc2 {[%clk 0:11:42]} e6 {[%clk 0:17:57]} 29. Nb6 {[%clk 0:11:47]} Bf6
{[%clk 0:11:54]} 30. Rb5 {[%clk 0:11:35]} Be7 {[%clk 0:10:14]} 31. a4 {[%clk
0:10:01]} Rfd8 {[%clk 0:05:53]} 32. a5 {[%clk 0:09:38]} Bf8 {[%clk 0:06:07]}
33. Rd1 {[%clk 0:07:13]} Kg7 {[%clk 0:04:12]} 34. Ke3 {[%clk 0:05:19]} h6
{[%clk 0:01:43]} 1/2-1/2